00409nam a22000857a 4500999001700000008004100017100001700058245011600075952013200191 c16417d16417170706b xxu||||| |||| 00| 0 eng d aKorir Adams  aImpact of evaluation measures on employees performance in the hospitality industry survey of hotels in Eldoret  00102lcc70932323aKABUbKABUd2017-07-06l5p027319r2019-10-24 00:00:00s2019-10-22w2017-07-06yTHEzundergraduate project